Cuentos militares

Saved in:
Bibliografiske detaljer
Hovedforfatter: Lazo Baeza, Olegario (Author)
Format: Bog
Sprog:spansk
Udgivet: Santiago Zig Zag 1900
Udgivelse:1a. ed
Fag:
Tags: Tilføj Tag
Ingen Tags, Vær først til at tagge denne postø!

MARC

LEADER 00000nam a2200000 a 4500
001 UCJ3385
003 CL-VaPUC
008 070124e19000000CL |||||||||||||||||spa|d
082 0 4 |a Ch863  |b LAZ  |2 21 
100 |a Lazo Baeza, Olegario  |e author  |9 505176 
245 1 0 |a Cuentos militares 
250 |a 1a. ed 
300 |a 245 p 
942 |c BK 
945 |d 20070124 00:00:00  |a rinostro 
260 |a Santiago  |b Zig Zag  |c 1900 
500 |a Retrato del autor 
650 7 |a CUENTOS MILITARES  |2 CL-VaPUC  |9 505177 
650 0 |a Guerra del Pacífico  |9 314886 
650 0 |a Iconografía   |9 267998 
583 |a last modification  |c 20070124 00:00:00  |k Rodrigo Vera 
999 |c 319507  |d 319505 
952 |0 0  |1 0  |4 0  |6 CH_863_000000000000000_LAZ_1900  |7 0  |8 X  |9 397840  |a FDOBUD  |b FDOBUD  |d 2019-11-22  |i 1002465  |o Ch863 LAZ 1900  |p 1002465  |r 2019-11-22  |w 2019-11-22  |y BK_X  |k BUD